Skład AS Monaco w Ligue One w sezonie 2024/25 - Statystyki

Ogólne statystyki
  • Ten quiz został rozwiązany 6 razy
  • Średni wynik to 8 z 27
Statystyki odpowiedzi
Numer Zawodnik % Poprawnych
1 Radosław Majecki
67%
36 Breel Embolo
50%
2 Vanderson
50%
10 Aleksandr Golovin
33%
12 Caio Henrique
33%
8 Eliot Matazo
33%
9 Folarin Balogun
33%
21 George Ilenikhena
33%
15 Lamine Camara
33%
11 Maghnes Akliouche
33%
22 Mohammed Salisu
33%
16 Philipp Köhn
33%
18 Takumi Minamino
33%
5 Thilo Kehrer
33%
- Christian Matsima
17%
13 Christian Mawissa Elebi
17%
6 Denis Zakaria
17%
37 Edan Diop
17%
7 Eliesse Ben Seghir
17%
3 Guillermo Maripán
17%
14 Ismail Jakobs
17%
20 Kassoum Ouattara
17%
27 Krépin Diatta
17%
47 Lucas Michal
17%
88 Soungoutou Magassa
17%
17 Wilfried Stephane Singo
17%
50 Yann Lienard
17%
Nie znaleziono quizów pasujących do podanych kryteriów
Rozkład punktacji
Procent ludzi z każdym wynikiem
Percentyl według liczby udzielonych odpowiedzi
Twoja historia wyników
Nie rozwiązałeś tego quizu